000 00588nam a22001817a 4500
003 OSt
005 20140310181751.0
008 130627t xxu||||| |||| 00| 0 eng d
020 _a9712704270
050 _aPE 1628
_b.C957 1995
082 _aFIL 499.211
_bD561 1997
245 _aA dictionary of Philippine English /
_c compiled by Isagani R. Cruz and Ma. Lourdes S. Bautista; with illustrations by Albert E. Gamos.
260 _aPasig City :
_bAnvil Publishing,
_c1995.
300 _avii, 63 p. :
_bill. ;
_c18 cm.
541 _j1
562 _e1
942 _2lcc
_cBK-FIL
_kFIL
999 _c3214
_d3214